[Event "DVM 2012 U16"]
[Site "Naumburg GER"]
[Date "2012.12.28"]
[Round "3"]
[White "Riehle, Marco"]
[Black "Xu, Xianliang"]
[Result "0-1"]
[WhiteElo "1913"]
[BlackElo "2019"]
[PlyCount "0"]
[EventDate "2012.12.27"]
[WhiteTeam "SF Sasbach"]
[BlackTeam "SG Porz"]

1. e4 c5 2. Nc3 Nc6 3. f4 g6 4. Nf3 Bg7 5. a3 d6 6. Bc4 e6 7. O-O Nge7 8. Qe1
O-O 9. d3 Nd4 10. Nxd4 cxd4 11. Ne2 d5 12. Bb3 dxe4 13. dxe4 Qb6 14. Ng3 Bd7
15. Kh1 Rac8 16. Qb4 Nc6 17. Qxb6 axb6 18. f5 Rfd8 19. Bg5 Re8 20. Rf2 Na5 21.
Raf1 Nxb3 22. cxb3 exf5 23. exf5 Bb5 24. fxg6 fxg6 25. Rd1 Re6 26. h3 Rce8 27.
Bd2 Bc6 28. Rc1 Bf8 29. Rcf1 Bd6 30. Bf4 Be7 31. Bh6 Bb5 32. Rd1 Bf6 33. a4 Bc6
34. Rdf1 Bg7 35. Bxg7 Kxg7 36. Rd2 Re3 37. Kh2 Rxb3 38. Ne2 d3 39. Nf4 Rb4 40.
g4 Re3 41. Rdf2 Rbe4 42. g5 Re7 43. h4 h5 44. b4 R3e4 45. b5 Be8 46. Kg3 Rd4
47. Rd2 Re3+ 48. Rf3 Ree4 49. Rdxd3 Rxf4 50. Rxd4 Rxd4 51. Rf6 Rxa4 52. Rxb6
Ra3+ 53. Kf4 Rh3 54. Rxb7+ Bf7 55. b6 Rxh4+ 56. Ke5 Rg4 57. Rc7 Rxg5+ 58. Kd6
Rb5 59. b7 Kf6 60. Re7 Bd5 61. Re5 Rxb7 62. Rxd5 Re7 63. Rd1 Re2 64. Rf1+ Kg5
65. Rg1+ Kh6 66. Kd5 h4 67. Kd4 g5 68. Kd3 Re8 0-1

[Event "DVM 2012 U16"]
[Site "Naumburg GER"]
[Date "2012.12.28"]
[Round "3"]
[White "Eigemann, Frederik"]
[Black "Bohnert, Dominik"]
[Result "1-0"]
[WhiteElo "1911"]
[BlackElo "1861"]
[PlyCount "0"]
[EventDate "2012.12.27"]
[WhiteTeam "SG Porz"]
[BlackTeam "SF Sasbach"]

1. d4 d5 2. c4 e6 3. Nc3 c5 4. cxd5 cxd4 5. Qxd4 Nc6 6. Qd1 exd5 7. e3 d4 8.
exd4 Qxd4 9. Qxd4 Nxd4 10. Bd3 Bg4 11. f3 Be6 12. Nge2 Nxe2 13. Bb5+ Bd7 14.
Kxe2 O-O-O 15. Be3 a6 16. Bc4 f6 17. Nd5 Bc6 18. Rhd1 Bd6 19. Rac1 Bxd5 20.
Rxd5 Ne7 21. Bxa6+ Kd7 22. Bb5+ Ke6 23. Rd3 Bxh2 24. Bc4+ Ke5 25. Rh1 Bf4 26.
Rxd8 Rxd8 27. Bxf4+ Kxf4 28. Rh4+ Kg5 29. Rxh7 Nf5 30. Bd3 Ng3+ 31. Ke3 Re8+
32. Kf2 Nh5 33. g4 Nf4 34. Rxg7+ Kh6 35. Rh7+ Kg5 36. Rg7+ Kh6 37. Rh7+ Kg5 38.
Be4 Rd8 39. Rg7+ Kh6 40. Rxb7 Nh3+ 41. Ke3 Ng5 42. a4 Nxe4 43. Kxe4 Ra8 44. b3
Ra6 45. Rb5 Kg6 46. a5 1-0

[Event "DVM 2012 U16"]
[Site "Naumburg GER"]
[Date "2012.12.28"]
[Round "3"]
[White "Ehmann, Thilo"]
[Black "Padva, Leo"]
[Result "1/2-1/2"]
[WhiteElo "1918"]
[BlackElo "1750"]
[PlyCount "0"]
[EventDate "2012.12.27"]
[WhiteTeam "SF Sasbach"]
[BlackTeam "SG Porz"]

1. e4 c6 2. c4 e6 3. Nc3 Ne7 4. d4 d5 5. Nf3 b6 6. Bd3 Bb7 7. Bf4 Ng6 8. Bg3
Bd6 9. O-O O-O 10. cxd5 cxd5 11. e5 Be7 12. Re1 Nc6 13. a3 a5 14. Ne2 Ba6 15.
Bc2 Rc8 16. Nf4 Bg5 17. Nxg5 Qxg5 18. Nh3 Qe7 19. Rc1 f5 20. f4 Nh8 21. Bd3
Bxd3 22. Qxd3 Qb7 23. Ng5 Rfe8 24. Nf3 Nf7 25. Rc3 Na7 26. Rec1 Rxc3 27. Rxc3
Rc8 28. Kf2 Rxc3 29. Qxc3 Qc6 30. Qxc6 Nxc6 31. a4 Kf8 32. Ke3 Ke7 33. Ne1 Nb4
34. Nd3 Nxd3 35. Kxd3 Kd7 36. Be1 Nd8 37. h3 Nc6 38. g4 g6 39. gxf5 gxf5 40.
Ke3 Ke7 41. Bc3 Kf7 42. Kf3 Kg6 43. Kg3 Kh5 44. Kh2 Kg6 45. Be1 Kf7 46. Kg2 Kg6
47. Bc3 Kf7 48. Kf3 Kg6 49. Ke3 Kf7 50. Kd3 Ke7 51. Kc2 Kd7 52. Kb3 Kc7 53. Kc2
Kd7 54. Kd3 Ke7 55. Be1 Kd7 56. Bh4 Ke8 57. Bf6 Kf7 58. Ke3 Kg6 59. Kf2 Kf7 60.
Ke3 1/2-1/2

[Event "DVM 2012 U16"]
[Site "Naumburg GER"]
[Date "2012.12.28"]
[Round "3"]
[White "Spindler, Florian"]
[Black "Gubela, Hans-Erich Constanti"]
[Result "0-1"]
[WhiteElo "1616"]
[BlackElo "1846"]
[PlyCount "0"]
[EventDate "2012.12.27"]
[WhiteTeam "SG Porz"]
[BlackTeam "SF Sasbach"]

1. c4 b6 2. Nc3 Bb7 3. Nf3 Nf6 4. g3 e6 5. Bg2 Be7 6. O-O O-O 7. b3 c5 8. Bb2
a6 9. e3 Qc7 10. Qc2 Nc6 11. Rad1 Rac8 12. Ng5 h6 13. Nge4 Nxe4 14. Nxe4 d5 15.
cxd5 exd5 16. Nc3 Nb4 17. Qb1 d4 18. Ne2 Bxg2 19. Kxg2 d3 20. Nf4 Qd7 21. Kg1
b5 22. Ng2 c4 23. bxc4 bxc4 24. Rc1 Qa4 25. Ne1 Qxa2 26. Qxa2 Nxa2 27. Ra1 Nb4
28. Bc3 Ra8 29. Ra4 a5 30. Nf3 Rfb8 31. Rfa1 Nc2 32. R1a2 Bb4 33. Bxb4 Nxb4 34.
R2a3 Nc2 35. Ra2 Rb1+ 36. Kg2 c3 37. dxc3 Rd8 38. Rxa5 d2 39. Nxd2 Rxd2 40. Kf3
Rf1 41. c4 f5 42. Kf4 Rfxf2+ 43. Ke5 Nxe3 44. Rxd2 Rxd2 45. Ra8+ Kf7 46. Ra7+
Kg6 47. Ra6+ Kg5 48. h4+ Kh5 49. Kf4 Nxc4 50. Kxf5 Rf2+ 51. Ke4 Rf6 52. Ra4
Nd6+ 53. Ke5 Nf7+ 54. Kd5 Rd6+ 55. Kc5 Rd3 0-1

[Event "DVM 2012 U16"]
[Site "Naumburg GER"]
[Date "2012.12.28"]
[Round "3"]
[White "Carmesin, Matthias"]
[Black "Koop, Thorben"]
[Result "1/2-1/2"]
[WhiteElo "2050"]
[BlackElo "2186"]
[PlyCount "0"]
[EventDate "2012.12.27"]
[WhiteTeam "Stader SV"]
[BlackTeam "SV Lingen"]

1. d4 Nf6 2. Nf3 g6 3. g3 Bg7 4. Bg2 O-O 5. O-O d5 6. c4 c6 7. cxd5 Nxd5 8. e4
Nb6 9. Nc3 Bg4 10. Ne2 Na6 11. h3 Bxf3 12. Bxf3 Qd7 13. Kg2 Rad8 14. e5 Bxe5
15. Bh6 Bg7 16. Bxg7 Kxg7 17. Qb3 Nc7 18. Rfd1 Ne6 19. h4 h5 20. a4 Nd5 21. Nc3
Nxc3 22. bxc3 Rb8 23. a5 Nc7 24. c4 Qf5 25. Qb4 Rfe8 1/2-1/2

[Event "DVM 2012 U16"]
[Site "Naumburg GER"]
[Date "2012.12.28"]
[Round "3"]
[White "Oehne, Timo"]
[Black "Vöge, Tobias"]
[Result "1-0"]
[WhiteElo "2046"]
[BlackElo "1899"]
[PlyCount "0"]
[EventDate "2012.12.27"]
[WhiteTeam "SV Lingen"]
[BlackTeam "Stader SV"]

1. e4 e6 2. d3 c5 3. Nf3 Nc6 4. g3 g6 5. Bg2 Bg7 6. O-O Nge7 7. c3 O-O 8. Na3
d5 9. Re1 d4 10. e5 a6 11. cxd4 cxd4 12. Nc4 Rb8 13. Nd6 Nd5 14. Bg5 Qb6 15.
Nc4 Qc7 16. Rc1 h6 17. Bd2 Qd8 18. Re4 Nde7 19. Qe1 b5 20. Na5 Qb6 21. Nb3 Rd8
22. Nfxd4 Nxd4 23. Ba5 Qa7 24. Bxd8 Nxb3 25. axb3 Bb7 26. Bxe7 Bxe4 27. Bc5 Qd7
28. Qxe4 Rc8 29. d4 Bf8 30. b4 a5 31. Qb7 Rc7 32. Qb6 axb4 33. Ra1 Bxc5 34.
dxc5 Rc8 35. Qd6 Qe8 36. Rd1 1-0

[Event "DVM 2012 U16"]
[Site "Naumburg GER"]
[Date "2012.12.28"]
[Round "3"]
[White "Vogt, Marc Jonas"]
[Black "Bach, Jannik"]
[Result "1/2-1/2"]
[WhiteElo "1875"]
[BlackElo "1964"]
[PlyCount "0"]
[EventDate "2012.12.27"]
[WhiteTeam "Stader SV"]
[BlackTeam "SV Lingen"]

1. e4 c6 2. d4 d5 3. Nc3 dxe4 4. Nxe4 Bf5 5. Ng3 Bg6 6. Bc4 e6 7. N1e2 Bd6 8.
O-O Ne7  9. Nf4 Qc7 10. Nxg6 Nxg6 11. Qg4 Nd7 12. h3 Nf6 13.
Qf3 O-O 14. Ne4 Nxe4 15. Qxe4 Bh2+ 16. Kh1 Bf4 17. c3 Rad8 18. Bxf4 Qxf4 19.
Qe3 Rfe8 20. Rae1 a6 21. Bd3 Qf6 22. Qg3 Nf4 23. Bc4 Re7 24. Re4 Ng6 25. Rfe1
Rde8 26. R4e3 Qf5 27. Kg1 Qa5 28. Rf3 Qb6 29. Bb3 Qa5 30. h4 h5 31. Qg5 Qxg5
32. hxg5 e5 33. dxe5 Nxe5 34. Rxe5 Rxe5 35. Bxf7+ Kh7 36. Bxe8 Rxe8 37. Rf7
Re1+ 38. Kh2 b5 39. Rc7 Re2 40. Kg3 Rxb2 41. Kh4 Rxf2 42. Kxh5 Rxg2 43. a3
1/2-1/2

[Event "DVM 2012 U16"]
[Site "Naumburg GER"]
[Date "2012.12.28"]
[Round "3"]
[White "Vonhoff, Nils"]
[Black "Hammann, Jonas"]
[Result "0-1"]
[WhiteElo "1833"]
[BlackElo "1491"]
[PlyCount "0"]
[EventDate "2012.12.27"]
[WhiteTeam "SV Lingen"]
[BlackTeam "Stader SV"]

1. e4 e6 2. d4 d5 3. Nd2 c5 4. exd5 exd5 5. Ndf3 Nc6 6. c3 Bd6 7. Be3 cxd4 8.
Nxd4 Nge7 9. Bd3 Ne5 10. Bb5+ Bd7 11. Nge2 Bxb5 12. Nxb5 Bb8 13. b3 O-O 14. O-O
N7g6 15. Ng3 f5 16. Bc5 Rf7 17. Nd4 f4 18. Nge2 Qg5 19. Qc1 Nd3 20. Qa3 Nh4 21.
g3 f3 22. Qa4 Bc7 23. Ne6 Qf5 24. Qxh4 fxe2 25. Rfe1 Qxe6 26. Be3 Nxe1 27. Rxe1
Qf5 28. Rxe2 Qb1+ 29. Kg2 Qe4+ 30. Qxe4 dxe4 31. c4 Bb6 32. c5 Ba5 33. a3 Rd7
34. b4 Bc7 35. Bc1 Re8 36. Bb2 Bd8 37. b5 Rd5 38. Rc2 Bf6 39. Bc1 Rc8 40. Be3
Bd4 41. Rd2 Rcd8 42. c6 bxc6 43. bxc6 Bxe3 44. Rxd5 Rxd5 45. c7 Rc5 0-1

[Event "DVM 2012 U16"]
[Site "Naumburg GER"]
[Date "2012.12.28"]
[Round "3"]
[White "Hinrichs, Lars"]
[Black "Glatzel, Jonas"]
[Result "0-1"]
[WhiteElo "1937"]
[BlackElo "1962"]
[PlyCount "0"]
[EventDate "2012.12.27"]
[WhiteTeam "Hamburger SK"]
[BlackTeam "Königsspringer Iserlohn"]

1. e4 c5 2. Nf3 Nc6 3. c4 Nf6 4. Nc3 d6 5. d4 cxd4 6. Nxd4 g6 7. Be2 Bg7 8. Be3
O-O 9. O-O Ne5 10. f3 Bd7 11. Qd2 Rc8 12. b3 Nc6 13. Rab1 Re8 14. Rfd1 Qc7 15.
Nxc6 Bxc6 16. Nd5 Qb8 17. b4 Nd7 18. Bh6 Bxh6 19. Qxh6 Bxd5 20. exd5 b5 21.
cxb5 Rc2 22. Qe3 Qb6 23. Qxb6 Nxb6 24. Bf1 Rxa2 25. Ra1 Rxa1 26. Rxa1 Ra8 27.
Bd3 Kg7 28. f4 Kf6 29. Kf2 e6 30. dxe6 fxe6 31. Kf3 d5 32. Ke3 e5 33. g3 Ke6
34. Ra6 Kd6 35. Be2 exf4+ 36. Kxf4 Re8 37. Bd3 Re7 38. h4 Rf7+ 39. Ke3 Ke5 40.
Be2 Rc7 41. Ra3 d4+ 42. Kd2 Nd5 43. Rb3 Rc3 44. Rxc3 Nxc3 45. Bd3 Ne4+ 46. Ke2
Nxg3+ 47. Kf3 Nh5 48. Bc4 Nf6 49. Bf7 Nd5 50. h5 gxh5 51. Bxh5 d3 52. Bf7 Kd4
53. Be6 Nc3 0-1

[Event "DVM 2012 U16"]
[Site "Naumburg GER"]
[Date "2012.12.28"]
[Round "3"]
[White "Dröttboom, Tobias"]
[Black "Grötzbach, Daniel"]
[Result "1/2-1/2"]
[WhiteElo "1785"]
[BlackElo "1885"]
[PlyCount "0"]
[EventDate "2012.12.27"]
[WhiteTeam "Königsspringer Iserlohn"]
[BlackTeam "Hamburger SK"]

1. d4 d5 2. Nf3 Nf6 3. Bf4 c5 4. e3 Nc6 5. c3 Qb6 6. Qc1 Bf5 7. Nbd2 e6 8. Be2
h6 9. O-O Be7 10. dxc5 Bxc5 11. Bd1 O-O 12. Bc2 Bxc2 13. Qxc2 Rac8 14. Rfe1
Rfd8 15. Qb3 Qa6 16. a4 b6 17. Qb5 Qb7 18. Nb3 Bd6 19. Bxd6 Rxd6 20. a5 Nd8 21.
Qb4 Qb8 22. Qa3 b5 23. Nfd4 a6 24. Nc5 Nd7 25. Nd3 Nc6 26. Nb3 Nce5 27. Nxe5
Nxe5 28. Nc5 Rxc5 29. Qxc5 Nd3 30. Qd4 Nxe1 31. Rxe1 Qc7 32. Qf4 Rc6 33. Qxc7
Rxc7 34. Rd1 Rc4 35. Rd4 Ra4 36. Rxa4 bxa4 37. Kf1 Kf8 38. Ke2 Ke7 39. Kd3 Kd6
40. e4 Kc5 41. exd5 exd5 42. g4 g6 43. f4 f6 44. f5 gxf5 45. gxf5 h5 46. h4 Kc6
47. Ke3 Kc5 48. Kd3 Kc6 49. Ke3 1/2-1/2

[Event "DVM 2012 U16"]
[Site "Naumburg GER"]
[Date "2012.12.28"]
[Round "3"]
[White "Sander, Jean Louis"]
[Black "von Bargen, Lukas"]
[Result "1/2-1/2"]
[WhiteElo "1846"]
[BlackElo "1661"]
[PlyCount "0"]
[EventDate "2012.12.27"]
[WhiteTeam "Hamburger SK"]
[BlackTeam "Königsspringer Iserlohn"]

1. e4 c5 2. Nf3 d6 3. d4 cxd4 4. Nxd4 Nf6 5. Nc3 g6 6. Be3 Bg7 7. f3 O-O 8. Qd2
Nc6 9. O-O-O d5 10. exd5 Nxd5 11. Nxc6 bxc6 12. Bd4 e5 13. Bc5 Be6 14. Ne4 Rb8
15. Bc4 Nf4 16. Bxe6 Nxe6 17. Bxf8 Qxf8 18. Kb1 Qa3 19. Qc3 Qa4 20. g4 Nd4 21.
Rd3 Bf8 22. Nc5 Qb5 23. Nd7 Bb4 24. a4 Qxa4 25. Qc4 Rb5 26. Nxe5 Ra5 27. Qxf7+
Kh8 1/2-1/2

[Event "DVM 2012 U16"]
[Site "Naumburg GER"]
[Date "2012.12.28"]
[Round "3"]
[White "Nissen, Arne"]
[Black "Elbracht, Michael"]
[Result "0-1"]
[WhiteElo "1082"]
[BlackElo "1600"]
[PlyCount "0"]
[EventDate "2012.12.27"]
[WhiteTeam "Königsspringer Iserlohn"]
[BlackTeam "Hamburger SK"]

1. e4 c5 2. Nc3 a6 3. Nge2 b5 4. g3 Bb7 5. Bg2 e6 6. d4 cxd4 7. Nxd4 Qc7 8. O-O
Nf6 9. Qd3 Nc6 10. a3 Be7 11. Re1 Ne5 12. Qe2 d6 13. h3 Nc4 14. b3 Nb6 15. Qd3
Rc8 16. Bd2 Nbd7 17. Re3 e5 18. Nf5 Nc5 19. Qe2 O-O 20. Nxe7+ Qxe7 21. Nd5 Nxd5
22. exd5 Nd7 23. c4 bxc4 24. bxc4 Nc5 25. Rb1 Qd7 26. Bb4 Ba8 27. Kh2 Rb8 28.
Qd1 Qc7 29. f4 a5 30. Bc3 f6 31. f5 Rxb1 32. Qxb1 Rb8 33. Bxa5 Qa7 34. Qe1 Qa6
35. Bc7 Rc8 36. Ba5 Qxc4 37. Qd1 Bb7 38. Rc3 Qb5 39. Bb4 Ba6 40. h4 Qd7 41. Qg4
Qe7 42. Be4 Nxe4 43. Rxc8+ Bxc8 44. Qxe4 Qc7 45. a4 Qd7 46. a5 Qxf5 47. Qxf5
Bxf5 48. Bxd6 Be4 49. a6 Bxd5 50. Kg1 Kf7 51. Kf2 Ke6 52. Bf8 g6 53. Bh6 Kf5
54. Ke3 Kg4 55. Kf2 Bc6 56. a7 Kf5 57. Ke3 g5 58. hxg5 fxg5 59. Kf2 Kg6 60. Bf8
h5 61. Be7 Kf5 62. Bd6 h4 63. gxh4 gxh4 64. Bxe5 Kxe5 65. Kg1 Kf4 66. Kh2 Kg4
0-1

[Event "DVM 2012 U16"]
[Site "Naumburg GER"]
[Date "2012.12.28"]
[Round "3"]
[White "Grimm, Julius"]
[Black "Xiong, Ferdinand"]
[Result "0-1"]
[WhiteElo "1951"]
[BlackElo "1987"]
[PlyCount "0"]
[EventDate "2012.12.27"]
[WhiteTeam "SV Schachforum Darmstadt"]
[BlackTeam "SC Vaterstetten"]

1. d4  Nf6  2. c4 g6 3. g3 Bg7 4. Nf3 O-O 5.
Bg2 d6 6. Nc3 Nc6 7. O-O a6 8. Qd3 e5 9. dxe5 dxe5 10. Qxd8 Rxd8 11. Bg5 Be6
12. Nd2 h6 13. Bxf6 Rxd2 14. Bxg7 Kxg7 15. Bxc6 bxc6 16. b3 Rad8 17. Rfd1 a5
18. Rxd2 Rxd2 19. Kf1 Rc2 20. Na4 e4 21. Nc5 Bh3+ 22. Ke1 e3 23. f3 Bc8 24. g4
f5 25. h3 fxg4 26. hxg4 h5 27. gxh5 gxh5 28. Ne4 Bf5 29. Ng3 Kg6 30. Nf1 Rc3
31. Rd1 h4 32. Nh2 Kg5 33. Rd4 Rc1+ 34. Rd1 Rxd1+ 35. Kxd1 Kf4 36. Ke1 Bb1 37.
a3 c5 38. Ng4 h3 39. Kf1 Bc2 40. Nf6 Bxb3 41. Nd5+ Kg3 0-1

[Event "DVM 2012 U16"]
[Site "Naumburg GER"]
[Date "2012.12.28"]
[Round "3"]
[White "Nitsche-Hahn, Raphael"]
[Black "Tibke, Jonas"]
[Result "0-1"]
[WhiteElo "1892"]
[BlackElo "1776"]
[PlyCount "0"]
[EventDate "2012.12.27"]
[WhiteTeam "SC Vaterstetten"]
[BlackTeam "SV Schachforum Darmstadt"]

1. d4 Nf6 2. Nf3 e6 3. e3 c5 4. Bd3 cxd4 5. exd4 d5 6. O-O Bd6 7. Ne5 Nc6 8.
Bb5 Qc7 9. Bf4 Nd7 10. Qg4 Ndxe5 11. Qxg7 Ng6 12. Bxd6 Qxd6 13. c4 dxc4 14. Nc3
Bd7 15. d5 Qe5 16. Qh6 Nce7 17. Rfe1 Qf4 18. Bxd7+ Kxd7 19. dxe6+ fxe6 20. Qh3
Qf5 21. Rad1+ Ke8 22. Qg3 Nf4 23. Ne4 Rd8 24. Qg7 Rxd1 25. Qxh8+ Kf7 26. Rxd1
Qxe4 27. f3 Qc2 0-1

[Event "DVM 2012 U16"]
[Site "Naumburg GER"]
[Date "2012.12.28"]
[Round "3"]
[White "Nothnagel, Marian Can"]
[Black "Schackmann, Oliver"]
[Result "1-0"]
[WhiteElo "1802"]
[BlackElo "1896"]
[PlyCount "0"]
[EventDate "2012.12.27"]
[WhiteTeam "SV Schachforum Darmstadt"]
[BlackTeam "SC Vaterstetten"]

1. e4 e5 2. Nf3 Nc6 3. Bb5 Nf6 4. O-O Be7 5. Re1 d6 6. c3 Bd7 7. d4 O-O 8. Nbd2
Nxd4 9. Nxd4 exd4 10. Bxd7 Nxd7 11. cxd4 Bf6 12. Nf3 g6 13. Bd2 Re8 14. Qc2 b6
15. Qc6 Rc8 16. Bf4 Nb8 17. Qd5 Be7 18. Rac1 c6 19. Qc4 Qd7 20. h3 d5 21. Qd3
dxe4 22. Rxe4 Bf6 23. Rce1 Rxe4 24. Qxe4 Rd8 25. Bh6 Bg7 26. Bxg7 Kxg7 27. Qe5+
Kg8 28. Qf6 Re8 29. Rxe8+ Qxe8 30. Ne5 c5 31. d5 Nd7 32. Nxd7 Qxd7 33. d6 Qa4
34. b3 Qe8 35. Qe7 Qf8 36. Qc7 Qh6 37. d7 1-0

[Event "DVM 2012 U16"]
[Site "Naumburg GER"]
[Date "2012.12.28"]
[Round "3"]
[White "Frenkel, Maxim"]
[Black "Wiewesiek, Timo"]
[Result "1/2-1/2"]
[WhiteElo "1715"]
[BlackElo "1703"]
[PlyCount "0"]
[EventDate "2012.12.27"]
[WhiteTeam "SC Vaterstetten"]
[BlackTeam "SV Schachforum Darmstadt"]

1. d4 Nf6 2. Nf3 e6 3. c4 d5 4. Nc3 Be7 5. Bf4 O-O 6. h3 Nbd7 7. e3 b6 8. Be2
Bb7 9. Rc1 Rc8 10. O-O c5 11. cxd5 Nxd5 12. Nxd5 Bxd5 13. Ba6 Ra8 14. Qe2 cxd4
15. exd4 Nf6 16. Rfd1 Ne8 17. b3 Bd6 18. Be5 Nc7 19. Bd3 Bxf3 20. Qxf3 f6 21.
Bxd6 Qxd6 22. Rc6 Qd7 23. Rdc1 Rac8 24. Qg3 Nd5 25. Rxc8 Rxc8 26. Rxc8+ Qxc8
27. Bc4 Qd8 28. Bxd5 exd5 29. Qd3 Qc8 30. Qe3 Kf7 31. a4 Qc2 32. Qf3 Qe4 33.
Qe3 Qxe3 34. fxe3 f5 35. Kf2 Kf6 36. Kf3 Ke6 37. Kf4 Kf6 38. Kf3 Ke6 39. g4 g6
40. g5 Kd6 1/2-1/2

[Event "DVM 2012 U16"]
[Site "Naumburg GER"]
[Date "2012.12.28"]
[Round "3"]
[White "Simanowski, Mio"]
[Black "Hobusch, Jan"]
[Result "0-1"]
[WhiteElo "1887"]
[BlackElo "2064"]
[PlyCount "0"]
[EventDate "2012.12.27"]
[WhiteTeam "SV Mülheim-Nord"]
[BlackTeam "SG Solingen"]

1. e4 c5 2. Nf3 d6 3. d4 cxd4 4. Qxd4 Nc6 5. Bb5 Bd7 6. Bxc6 Bxc6 7. c4 f5 8.
Nc3 e5 9. Qe3 fxe4 10. Nxe4 Nf6 11. Nc3 Be7 12. O-O O-O 13. Ng5 Qd7 14. f3 Rac8
15. b3 b6 16. Kh1 Qf5 17. Re1 Nh5 18. Nd5 Bxd5 19. cxd5 Rxc1 20. Qxc1 Qxg5 21.
Re4 Qxc1+ 22. Rxc1 Nf6 23. Ra4 a5 24. b4 axb4 25. Rxb4 Ra8 26. Rxb6 Rxa2 27.
Rd1 Ra5 28. Kg1 Kf7 29. Rb7 Rxd5 30. Ra1 Rd2 31. Raa7 Nd5 32. Rd7 Ke6 33. h3
Bf6 34. Rdb7 Nf4 35. g4 Nxh3+ 36. Kh1 Ng5 37. Rb3 Nh3 38. Rbb7 Rd3 39. Kg2 Ng5
0-1

[Event "DVM 2012 U16"]
[Site "Naumburg GER"]
[Date "2012.12.28"]
[Round "3"]
[White "Zolfagharian, Kevin"]
[Black "Vavro, Maximilian"]
[Result "1-0"]
[WhiteElo "1912"]
[BlackElo "1761"]
[PlyCount "0"]
[EventDate "2012.12.27"]
[WhiteTeam "SG Solingen"]
[BlackTeam "SV Mülheim-Nord"]

1. e4 c6 2. d4 d5 3. e5 c5 4. c4 Nc6 5. Nf3 Bg4 6. cxd5 Qxd5 7. Nc3 Bxf3 8.
Nxd5 Bxd1 9. Nc7+ Kd8 10. Nxa8 Bg4 11. dxc5 Kc8 12. Be3 Kb8 13. f3 Bf5 14.
O-O-O Kxa8 15. Bb5 Nh6 16. g4 Be6 17. Bxc6 bxc6 18. Rd8+ Kb7 19. Rhd1 Bd5 20.
Rd7+ Kb8 21. Rd4 f6 22. e6 Bxe6 23. Bf4+ Ka8 24. Rb4 a5 25. Rb8# 1-0

[Event "DVM 2012 U16"]
[Site "Naumburg GER"]
[Date "2012.12.28"]
[Round "3"]
[White "Stoer, Nathan"]
[Black "Reksten, Daniel"]
[Result "1/2-1/2"]
[WhiteElo "1728"]
[BlackElo "1893"]
[PlyCount "0"]
[EventDate "2012.12.27"]
[WhiteTeam "SV Mülheim-Nord"]
[BlackTeam "SG Solingen"]

1. Nf3 d5 2. g3 Nf6 3. Bg2 Bg4 4. d3 e6 5. Nbd2 c5 6. O-O Nc6 7. Re1 Be7 8. e4
d4 9. e5 Nd5 10. h3 Bh5 11. g4 Bg6 12. Ne4 O-O 13. Bd2 b5 14. a4 a6 15. Qe2 Qb6
16. h4 h5 17. Nfg5 hxg4 18. Qxg4 Nxe5 19. Qe2 Nd7 20. h5 Bh7 21. f4 Rae8 22.
Nxh7 Kxh7 23. Ng5+ Kg8 24. Kf2 N7f6 25. Rh1 c4 26. a5 Qc5 27. Ne4 Nxe4+ 28.
Bxe4 Nf6 29. Rag1 Nxe4+ 30. Qxe4 Qd5 31. Qe2 Kh7 32. Qg4 Bf6 33. Re1 c3 34.
bxc3 dxc3 35. Bc1 e5 36. Qf5+ Kg8 37. h6 Qe6 38. Qe4 g6 39. f5 Qxf5+ 40. Qxf5
gxf5 41. Reg1+ Kh7 42. Rh5 f4 43. Rf5 Re6 44. Ba3 Rg8 45. Rxg8 Kxg8 46. Kf3 Kh7
47. Bf8 Kg6 48. Ke4 Re8 49. Bb4 Rc8 50. Bd6 1/2-1/2

[Event "DVM 2012 U16"]
[Site "Naumburg GER"]
[Date "2012.12.28"]
[Round "3"]
[White "Nguyen, Gia Huy Philipp"]
[Black "Kremer, Moritz"]
[Result "0-1"]
[WhiteElo "1450"]
[BlackElo "1725"]
[PlyCount "0"]
[EventDate "2012.12.27"]
[WhiteTeam "SG Solingen"]
[BlackTeam "SV Mülheim-Nord"]

1. e4 e6 2. Nf3 d5 3. Nc3 dxe4 4. Nxe4 Bd7 5. d4 Bc6 6. Bd3 Nd7 7. Be3 Be7 8.
Ne5 Nxe5 9. dxe5 Qd7 10. Qg4 g6 11. O-O-O Bxe4 12. Qxe4 c6 13. Kb1 Bf8 14. g4
Ne7 15. Be2 Qc7 16. Bc5 Nd5 17. Bd6 Qb6 18. Qd4 Qxd4 19. Rxd4 O-O-O 20. h4 Nc7
21. Rhd1 Nb5 22. Bxb5 cxb5 23. c4 Bxd6 24. exd6 Kd7 25. cxb5 Rc8 26. Rc1 Rxc1+
27. Kxc1 Rc8+ 28. Kd2 Rc5 29. Rf4 f5 30. gxf5 gxf5 31. a4 Kxd6 32. b4 Rd5+ 33.
Ke2 Re5+ 34. Kd2 Rd5+ 35. Kc3 Rd1 36. Rd4+ Rxd4 37. Kxd4 e5+ 38. Kc4 b6 39. f3
h5 40. a5 Ke6 41. Kc3 Kd5 42. Kd3 e4+ 43. fxe4+ fxe4+ 44. Ke3 Ke5 45. Ke2 Kf4
46. Kf2 e3+ 47. Ke2 Ke4 48. Ke1 Kf3 49. Kf1 Kg3 50. Ke2 Kxh4 51. Kxe3 Kg4 52.
Ke4 h4 53. Kd5 h3 54. Kc6 h2 55. Kb7 h1=Q+ 56. Kxa7 bxa5 57. bxa5 Qd5 58. Ka6
Kf5 59. b6 Qa8+ 60. Kb5 Ke5 61. a6 Kd6 0-1

[Event "DVM 2012 U16"]
[Site "Naumburg GER"]
[Date "2012.12.28"]
[Round "3"]
[White "Noe, Christopher"]
[Black "Peczely, Sebastian Zsombor"]
[Result "1-0"]
[WhiteElo "2257"]
[BlackElo "2024"]
[PlyCount "0"]
[EventDate "2012.12.27"]
[WhiteTeam "SC Eppingen"]
[BlackTeam "Schachgemeinschaft Leipzig"]

1. e4 c5 2. Nf3 Nc6 3. g3 e6 4. Bg2 g6 5. O-O Bg7 6. c3 Nge7 7. d4 cxd4 8. cxd4
d5 9. e5 h6 10. Nc3 O-O 11. g4 b6 12. Be3 Qd7 13. Qd2 Kh7 14. Rfc1 Ba6 15. h4
Rac8 16. h5 gxh5 17. g5 hxg5 18. Nxg5+ Kg8 19. Bh3 Ng6 20. Qd1 Rfe8 21. Qxh5
Nb4 22. Kh1 Nd3 23. Bf1 Bc4 24. Bxd3 Bxd3 25. Rg1 Bf5 26. Rg3 Rc4 27. Rag1 a6
28. R1g2 Qb7 29. Nh7 Rec8 30. Nf6+ Kf8 31. Qh7 Bxf6 32. exf6 Ke8 33. Rxg6 Bxg6
34. Rxg6 R4c7 35. Rg8+ 1-0

[Event "DVM 2012 U16"]
[Site "Naumburg GER"]
[Date "2012.12.28"]
[Round "3"]
[White "Kreyssig, Robert"]
[Black "Hahn, Cedric"]
[Result "1/2-1/2"]
[WhiteElo "2049"]
[BlackElo "1665"]
[PlyCount "0"]
[EventDate "2012.12.27"]
[WhiteTeam "Schachgemeinschaft Leipzig"]
[BlackTeam "SC Eppingen"]

1. d4 Nf6 2. c4 g6 3. Nc3 Bg7 4. e4 d6 5. f3 O-O 6. Be3 e5 7. d5 Nh5 8. Qd2 f5
9. Nge2 Nf6 10. O-O-O Rf7 11. Kb1 a6 12. Nc1 Qf8 13. Bd3 fxe4 14. Nxe4 Nxe4 15.
Bxe4 Nd7 16. Nd3 Nf6 17. c5 Nxe4 18. fxe4 Bd7 19. cxd6 cxd6 20. h3 Rc8 21. b3
Bb5 22. Nf2 Rfc7 23. Rc1 Qd8 24. Bg5 Bf6 25. h4 Bxg5 26. hxg5 Rxc1+ 27. Rxc1
Rxc1+ 28. Kxc1 Qc7+ 29. Kb2 Bd7 30. Qe3 b6 31. Nd3 Bb5 32. a4 Bxd3 33. Qxd3 Qc8
34. Qe2 Kg7 35. Qf1 Kg8 36. Qf6 Qc7 37. Qe6+ Kf8 38. g3 Qc5 39. Qf6+ Kg8 40.
Qe6+ Kf8 41. Qf6+ Kg8 42. Qd8+ Kg7 43. Qe7+ Kg8 44. Qd8+ Kg7 45. Qf6+ 1/2-1/2

[Event "DVM 2012 U16"]
[Site "Naumburg GER"]
[Date "2012.12.28"]
[Round "3"]
[White "Bay, Nicolai"]
[Black "Waschischeck, Tom"]
[Result "1-0"]
[WhiteElo "1688"]
[BlackElo "1645"]
[PlyCount "0"]
[EventDate "2012.12.27"]
[WhiteTeam "SC Eppingen"]
[BlackTeam "Schachgemeinschaft Leipzig"]

1. e4 e6 2. d4 d5 3. Nd2 a6 4. c3 c5 5. exd5 exd5 6. Ngf3 c4 7. Be2 Bd6 8. O-O
Ne7 9. Re1 O-O 10. Nf1 Qc7 11. Bg5 Ng6 12. Nh4 Nxh4 13. Bxh4 Nc6 14. Bf3 Be6
15. Bg3 Ne7 16. Bxd6 Qxd6 17. Ne3 Ng6 18. g3 Rfe8 19. Bg2 f6 20. Qf3 Ne7 21.
Re2 Bf7 22. Rae1 Qd7 23. a3 a5 24. h4 Rad8 25. Kh2 b5 26. Bh3 Qd6 27. Ng2 g5
28. hxg5 fxg5 29. Be6 Bxe6 30. Rxe6 g4 31. Qf6 1-0

[Event "DVM 2012 U16"]
[Site "Naumburg GER"]
[Date "2012.12.28"]
[Round "3"]
[White "Heber, Markus"]
[Black "Essig, Philipp"]
[Result "1/2-1/2"]
[WhiteElo "1547"]
[BlackElo "1471"]
[PlyCount "0"]
[EventDate "2012.12.27"]
[WhiteTeam "Schachgemeinschaft Leipzig"]
[BlackTeam "SC Eppingen"]

1. e4 e6 2. d4 d5 3. Nd2 c5 4. exd5 Qxd5 5. Ndf3 Nc6 6. c3 cxd4 7. Nxd4 Nxd4 8.
cxd4 Bb4+ 9. Bd2 Qxd4 10. Qa4+ Bd7 11. Qxb4 Qd5 12. Nf3 Nf6 13. Qd4 Bc6 14.
Qxd5 Bxd5 15. Bb5+ Kd8 16. Ne5 Rg8 17. O-O a6 18. Ba5+ Ke7 19. Bb4+ Kd8 20.
Nxf7+ Kc8 21. Rac1+ Kb8 22. Bc4 Bc6 23. Ne5 Bd5 24. Bxd5 exd5 25. Bd6+ Ka7 26.
Bc5+ b6 27. Be3 Rge8 28. Nc6+ Kb7 29. Nd4 Ne4 30. Rc6 Nc5 31. Rd6 Rad8 32. Rxd8
Rxd8 33. Rd1 Na4 34. b3 Nc3 35. Rd2 Ne4 36. Rc2 g6 37. f3 Nc5 38. Rd2 Kc7 39.
Bf4+ Kb7 40. Kf2 Rf8 41. Bd6 Ne4+ 42. Ke3 Nxd6 43. Kd3 Re8 44. Re2 Kc7 45. g4
Kd7 46. Rxe8 Nxe8 47. Nc2 Nc7 48. a4 Ne6 49. Nb4 Nc5+ 50. Kc3 Kd6 51. f4 Ne4+
52. Kd4 Nc5 53. Kc3 Ne4+ 54. Kc2 a5 55. Nd3 Nf6 56. h3 Ne4 57. Kd1 Nc5 58. Nc1
d4 59. Ke2 Kd5 1/2-1/2